| 000 | 00716nam a2200217Ia 4500 | ||
|---|---|---|---|
| 001 | 10857 | ||
| 003 | GE_BSU | ||
| 008 | 181216s||||||||xx |||||||||||||| ||und|| | ||
| 040 | _cGE_BSU | ||
| 080 | _a821.353.1–1 | ||
| 100 | _aქემერტელიძე,იორამ | ||
| 245 | _aჩრდილების ცეკვა. | ||
| 245 | _bლექსები. | ||
| 245 | _cრედ.შ.მირცხულავა; მხატვ.კ.ფაჩულია. | ||
| 260 | _aთბილისი. | ||
| 260 | _bსაბჭოთა საქართველო. | ||
| 260 | _c1976. | ||
| 300 | _a110გვ;14სმ. | ||
| 653 | _aჩრდილების ცეკვა. | ||
| 942 | _cBK | ||
| 999 |
_c44099 _d44099 |
||